Statistics for All-Time MLB Hit Leaders By Franchise

Click here to take the quiz!

General Stats

  • This quiz has been taken 265 times
    (168 since last reset)
  • The average score is 15 of 30

Answer Stats

TeamHitsPlayer% Correct
Atlanta/ Milwaukee/ Boston Braves3,600Hank Aaron
95%
Cincinnati Reds3,358Pete Rose
92%
Baltimore Orioles3,184Cal Ripken, Jr.
89%
Detroit Tigers3,902Ty Cobb
88%
New York Yankees3,465Derek Jeter
86%
Kansas City Royals3,154George Brett
82%
Pittsburgh Pirates3,000Roberto Clemente
79%
San Diego Padres3,141Tony Gwynn
78%
Houston Astros3,060Craig Biggio
76%
St. Louis Cardinals3,630Stan Musial
76%
San Francisco/ New York Giants3,187Willie Mays
75%
Seattle Mariners2,533Ichiro Suzuki
71%
Colorado Rockies2,519Todd Helton
71%
Arizona Diamondbacks1,337Luis Gonzalez
67%
Milwaukee Brewers/ Seattle Pilots3,142Robin Yount
65%
New York Mets1,702David Wright
43%
Boston Red Sox3,419Carl Yastrzemski
42%
Philadelphia Phillies2,306Jimmy Rollins
33%
Cleveland Indians2,052Nap Lajoie
31%
Chicago Cubs3,011Cap Anson
28%
Tampa Bay Rays1,480Carl Crawford
28%
Texas Rangers2,230Michael Young
27%
Los Angeles/ Anaheim/ California Angels2,368Garret Anderson
22%
Chicago White Sox2,749Luke Appling
17%
Toronto Blue Jays1,583Tony Fernandez
13%
Miami/ Florida Marlins1,273Luis Castillo
12%
Los Angeles/ Brooklyn Dodgers2,804Zack Wheat
11%
Oakland/ Kansas City/ Philadelphia A's1,882Bert Campaneris
9%
Minnesota Twins/ Washington Senators2,889Sam Rice
9%
Washington Nationals/ Montreal Expos1,784Ryan Zimmerman
6%

Score Distribution

Percentile by Number Answered

Percent of People with Each Score

Your Score History

You have not taken this quiz since the last reset